[Event "Berlin Werner Ott op"]
[Site "Berlin"]
[Date "2019.06.23"]
[Round "2"]
[White "Noetzel, Felix"]
[Black "Dimitriadis, Pavlos"]
[Result "1-0"]
[WhiteElo "2203"]
[BlackElo "1963"]
[PlyCount "73"]
[EventDate "2019.06.22"]
[EventType "swiss"]
[EventRounds "9"]
[EventCountry "GER"]
[SourceTitle "EXT 2022"]
[Source "ChessBase"]
[SourceDate "2021.10.06"]
[SourceVersion "1"]
[SourceVersionDate "2021.10.06"]
[SourceQuality "1"]

1. e4 e5 2. Nf3 Nc6 3. d4 exd4 4. Bc4 Nf6 5. 0-0 Nxe4 6. Re1 d5 7. Bxd5 Qxd5 8. Nc3 Qa5 9. Nxe4 Be6 10. Neg5 0-0-0 11. Nxe6 fxe6 12. Rxe6 Bd6 13. Bg5 Rde8 14. Qe1 Qxe1+ 15. Raxe1 Kd7 16. Rxe8 Rxe8 17. Rxe8 Kxe8 18. Kf1 Kd7 19. Bd2 h6 20. Ke2 Ke6 21. Kd3 Ne5+ 22. Nxe5 Bxe5 23. Ke4 c5 24. f4 Bc7 25. g4 b6 26. h4 Bd8 27. f5+ Kd6 28. Bf4+ Kc6 29. Be5 Bf6 30. g5 Bxe5 31. Kxe5 hxg5 32. hxg5 Kd7 33. Kd5 Ke7 34. b3 Kd7 35. a4 a5 36. f6 gxf6 37. gxf6 1-0

[Event "Reutlingen op 20th"]
[Site "Reutlingen"]
[Date "2015.05.23"]
[Round "2"]
[White "Dimitriadis, Pavlos"]
[Black "Lanka, Zigurds"]
[Result "0-1"]
[WhiteElo "2076"]
[BlackElo "2413"]
[PlyCount "50"]
[EventDate "2015.05.22"]
[EventType "swiss"]
[EventRounds "7"]
[EventCountry "GER"]
[SourceTitle "EXT 2016"]
[Source "ChessBase"]
[SourceDate "2015.10.08"]
[SourceVersion "1"]
[SourceVersionDate "2015.10.08"]
[SourceQuality "1"]

1. e4 c5 2. d4 cxd4 3. c3 dxc3 4. Nxc3 a6 5. Bc4 e6 6. Nf3 Ne7 7. Bg5 f6 8. Be3 b5 9. Bb3 Nbc6 10. 0-0 Na5 11. Re1 Bb7 12. Bd5 Ng6 13. Nd4 exd5 14. exd5 Kf7 15. Qh5 Nc4 16. Rad1 Kg8 17. Nf5 Ne7 18. Bd4 Nxf5 19. Qxf5 h5 20. Rd3 Nd6 21. Qf4 Rh6 22. Bc5 g5 23. Rg3 Kh8 24. Qf3 Nf7 25. Bd4 Bg7 0-1